000 00508nam a22001697a 4500
005 20230118113714.0
008 200208b xxu||||| |||| 00| 0 eng d
020 _a978-93-81238-17-2
041 _aeng
110 _aGOVERNMENT OF INDIA MINISTRY OF HEALTH & FAMILY WELFARE
245 _aINDIAN PHARMACOPOCIA 2018 (VOL-III )
250 _a8th ed.
260 _aGHAZIABAD
_bTHE INDIAN PHARMACOPOEIA COMMISSION GHAZIABAD
_c2018
300 _a2659 TO 4143p;
650 _aPHARMACY
_xD.PHARMA
_97090
942 _cBK
999 _c6021
_d6019